| 000 | 03012cam a2200385 a 4500 | ||
|---|---|---|---|
| 001 | 15972755 | ||
| 005 | 20170105102912.0 | ||
| 008 | 091104s2010 nyub b 001 0 eng | ||
| 010 | _a 2009046770 | ||
| 020 | _a9780230236592 (hardback) | ||
| 040 |
_aDLC _cDLC _dDLC |
||
| 043 |
_aa------ _ap------ |
||
| 050 | 0 | 0 |
_aJZ5584.A7 _bF59 2010 |
| 082 | 0 | 0 |
_a323.15 _222 |
| 245 | 0 | 0 |
_aFixing fractured nations : _bthe challenge of ethnic separatism in the Asia-Pacific / _cedited by Robert G. Wirsing, Ehsan Ahrari. |
| 260 |
_aNew York : _bPalgrave Macmillan, _c2010. |
||
| 300 |
_axii, 288 p. : _bmaps ; _c23 cm. |
||
| 490 | 0 | _aCritical studies of the Asia Pacific series | |
| 504 | _aIncludes bibliographical references and index. | ||
| 505 | 8 | _aMachine generated contents note: Introduction: Ethnic Separatism in Asia: What Lies Ahead?--R. Wirsing Part I: South East Asia Thailand: Southern Discomfort: Separatist Conflict in the Kingdom of Thailand--I. Storey Myanmar/Burma: Resolving the Burmese Imbroglio: A Multilateral Solution?--M. Malik Philippines: Manilas Mindanao Muddle--V. Watson Indonesia: Letting Go to Hold On--A. Smith Part II: South Asia Pakistan: Ethnic Separatism in Balochistan: Tribal Turbulence on the Energy Corridor--R. Wirsing India: Nation and the Spirals of Insecurity: How the State Responds to Ethnic Separatism in Indias Northeast--S.K. Das India &--Pakistan: Dangerous Place: Kashmiri Separatism in a Disputed Territory--R. Wirsing Sri Lanka: Managing Ethnic Conflict in Sri Lanka: Going Beyond LTTE--S.Akhtar Part III: East Asia China: Retribution &--Retaliation: Uyghur Separatism &--Chinese Security in Xinjiang--E.Davis China: Tibet: At the Crossroads of Ethnic Nationalism &--Geopolitical Realism--P.Smith Part IV: Pacific Islands Papua New Guinea: The Melting Pot: Ethnicity, Identity &--Separatism in Bougainville, Papua New Guinea--J.Rolfe Conclusion: Ethnic Separatism in Geopolitical Perspective--E.Ahrari. | |
| 520 | _aAsia's rising power and wealth offer its many oppressed ethnic minorities hope for greater political freedom and an end to violence. But the reality of this hope is cast in doubt by acute separatist conflict. This book provides fresh and factual assessments of separatist struggles and prospects for conflict resolution in nine countries of Asia --Provided by publisher. | ||
| 650 | 0 |
_aPeace-building _zAsia. |
|
| 650 | 0 |
_aConflict management _zAsia. |
|
| 650 | 0 |
_aPeace-building _zPacific Area. |
|
| 650 | 0 |
_aConflict management _zPacific Area. |
|
| 650 | 0 |
_aMinorities _zAsia. |
|
| 650 | 0 |
_aMinorities _zPacific Area. |
|
| 651 | 0 |
_aAsia _xEthnic relations _xPolitical aspects. |
|
| 651 | 0 |
_aPacific Area _xEthnic relations _xPolitical aspects. |
|
| 700 | 1 | _aWirsing, Robert. | |
| 700 | 1 | _aAhrari, Mohammed E. | |
| 906 |
_a7 _bcbc _corignew _d1 _eecip _f20 _gy-gencatlg |
||
| 942 |
_2ddc _cBK |
||
| 999 |
_c15181 _d15181 |
||